01187 a2200169 4500003000500000005001700005040000900022082001200031100001700043245007600060250001200136260002700148300000900175505076800184538002900952650003600981Nust20170207153244.0 cNust a621.382 aC. S. Henson aSolution of problems in electronics and telecommunicationcC. S. Henson a3rd ed. aNew YorkbPitmanc1968 a406p aGeneral Circuit Theory (Page-1) Theory of Coupled Circuits (Page-29) Valve Amplifiers (Page-50) Valve Amplifiers (Page-87) Valve Amplifier (Page-106) Valve Amplifier Negative Feedback Amplifiers and Cathode (Page-124) Valve Oscillators (Page-150) Modulation (Page-172) Detectors and Frequency Changers (Page-191) Line Transmission (Page-205) Filters and Attenuators (Page-223) Loaded Lines (Page-245) High Frequency Feeders and Waveguides (Page-253)Aerials and Radiation (Page-283) Acoustics (Page-309)Motion of Electrons in Electric and Magnetic Fields (Page-318) Rectifiers and Voltage Stabilizers (Page-333) Operational Amplifiers and waveform Generators (Page-348) Servomechanisms (Page-368) Transistors (Page-381) Miscellaneous Problems (Page-399).  aAlmirah No.36 Shelf No.5 aTelecommunications engineering.